000 00768nam a2200169 a 4500
008 110510s2010 ||||||||||||||||| || u
020 _a9789211251142
050 _aUNECA(02)
110 _aUnited Nations Economic Commission For Africa(UNECA)
245 1 0 _aAssessing regional integration in Africa IV: enhancing Intra-African trade
260 _aAddis Ababa
_bUNITED NATIONS ECONOMIC COMMISSION FOR AFRICA(UNECA)
_c2010
300 _axx, 504p. ;ill.
350 _a0.00
650 0 _aINTERNATIONAL ECONOMIC RELATIONS--HANDBOOKS, MANUALS, E.T.C
650 0 _aAFRICA--ECONOMIC INTEGRATION
995 _D0.00
_FCBU-MAIN LIBRARY (Kitwe)
_H1
_I0.00
_M1
_UAVAILABLE
_WMay 16, 2011
_ZInternational Publications
999 _c34959
_d34959